Statistics for [Railmap available] JR-East Yamanote-Line stations

Click here to take the quiz!

General Stats

  • This quiz has been taken 99 times
  • The average score is 22 of 30

Answers on the Map

Answers color-coded by a green-red scale on the quiz's map according to % correct below.
 

Answer Stats

Answer% Correct
山手線JY01Tokyo
98%
山手線JY20Shibuya
95%
山手線JY05Ueno
95%
山手線JY17Shinjuku
93%
山手線JY25Shinagawa
91%
山手線JY03Akihabara
88%
山手線JY02Kanda
88%
山手線JY13Ikebukuro
84%
山手線JY22Meguro
82%
山手線JY07Nippori
82%
山手線JY19Harajuku
80%
山手線JY21Ebisu
79%
山手線JY08Nishinippori
75%
山手線JY29Shimbashi
75%
山手線JY30Yurakucho
75%
山手線JY28Hamamatsucho
73%
山手線JY18Yoyogi
73%
山手線JY26Takanawagateway
71%
山手線JY24Osaki
68%
山手線JY15Takadanobaba
66%
山手線JY23Gotanda
64%
山手線JY27Tamachi
64%
山手線JY14Mejiro
63%
山手線JY16Shinokubo
63%
山手線JY04Okachimachi
59%
山手線JY11Sugamo
57%
山手線JY09Tabata
54%
山手線JY12Otsuka
52%
山手線JY06Uguisudani
52%
山手線JY10Komagome
50%

Score Distribution

Percentile by Number Answered

Percent of People with Each Score

Your Score History

You have not taken this quiz